| 000 | 00360nam a22001451a 4500 | ||
|---|---|---|---|
| 020 | _a9780198752745 | ||
| 082 |
_a189 _bKEN/M |
||
| 100 | _aAnthony Kenny | ||
| 245 |
_aMedieval philosophy/ _cby Anthony Kenny |
||
| 260 |
_aOxford: _bOxford University Press, _c2007. |
||
| 300 | _a334p. | ||
| 650 | _aPhilosophy Medieval | ||
| 650 | _aPhilosophy | ||
| 942 | _cBK | ||
| 999 |
_c28525 _d28525 |
||